000 00669nam a2200217 a 4500
001 18377
003 CO-ViMGA
008 141112s2004 ck r 000 u spa d
040 _aCO-ViMGA
_bspa
_cCO-ViMGA
082 0 4 _a363.32 O741e
100 1 _aOrganización PanAméricana de la salud,
_926157
245 1 0 _aEstablecimiento de un sistema de atención de victimas en masa
260 _aWashington,
_cOPS,
_c1996
300 _a58.p.
590 _aForma de adquisición : Premio - Mincultura
650 1 4 _aASISTENCIA EN EMERGENCIAS
_926158
650 1 4 _aAUXILIO EN DESASTRES
_926159
650 1 4 _aDESASTRES
650 1 4 _aSINIESTROS EN MASA
_926160
942 _2ddc
_cBK
999 _c27679
_d27679